01168nas a2200313 4500001001300000003000900013005001700022007000300039008003400042040005400076041000900130072000800139100001500147100001800162100001800180100001900198100001600217245014600233650001600379650001500395650001500410650002400425773012100449856005000570909004000620942001800660999001900678952015700697BR2015002164BR-BrBNA20231205125217.0ta230509b bl.|||p| |||| 00| 00por d aBR-BrBNAbporcBiblioteca Nacional de Agricultura a(Pt) aP331 aMelo, V.F.1 aRibeiro, A.N.1 aMaschio, P.A.1 aCorrêa, G.F.1 aLima, V.C. 1 aMineralogia e formas de potássio e magnésio em diferentes classes de pesos e tamanhos da fração areia de solos do Triângulo Mineiro aMINERALOGIA aPOTÁSSIO aMAGNÉSIO aTRIÂNGULO MINEIRO0 tRevista Brasileira de Ciência do Solo (Brazil)xISSN 0100-0683 g(Mar-Apr 2004), v. 28(2) p. 219-231wBR201500216440uhttp://www.scielo.br/pdf/rbcs/v28n2/20205.pdf a202311bLúciac55dLúcia Elande 2AGRISn0cANA c243229d243229 002AGRIS4071a41918b41918cPeriódicos Agrícolash(Mar-Apr 2004), v. 28(2) p. 219-231l0r2023-11-29t01yCRePortaria Interministerial nº 164/94